| 000 | 00738nam a2200205 a 4500 | ||
|---|---|---|---|
| 005 | 20180803170337.0 | ||
| 008 | 161111b2014222 ck abo||r|| |||| 0| 0 spa d | ||
| 022 | _a19001592 | ||
| 040 |
_aCO-BoIAVH _cCO-BoIAVH |
||
| 041 | 0 | _aspa | |
| 044 | _ack | ||
| 082 | 0 | 4 |
_a598.09861 _bE79n |
| 245 | 0 | 3 |
_aEl estado de las aves en Colombia : _bEvaluando las prioridades de conservación y protección de la avifauna colombiana 2014 _cFundación ProAves |
| 260 |
_aBogotá : _bFundación Proaves, _c2014. |
||
| 300 |
_bilustraciones a color, mapas y fotografías a color _c28 x 22 cm. |
||
| 650 | 2 | 6 |
_aAves _xconservación _zColombia |
| 650 | 2 | 6 | _aProtección animal |
| 710 | 2 | _aFundación ProAves | |
| 942 |
_2ddc _cLIBRO |
||
| 999 |
_c19106 _d19106 |
||